| 000 | 00555nam a22002057a 4500 | ||
|---|---|---|---|
| 003 | OSt | ||
| 005 | 20140310183131.0 | ||
| 008 | 130603t xxu||||| |||| 00| 0 eng d | ||
| 020 | _a971300390x | ||
| 050 |
_aPL 6164 _b.V718 1997 |
||
| 082 |
_aFIL 398.21599 _bV71 1997 |
||
| 245 |
_aMga Piling Epiko _cVillanueva, Zenaida Padilla |
||
| 260 |
_aManila, Philippines _bMerriam and Webster Bookstore, Inc. _c1997 |
||
| 300 | _a106 p. | ||
| 521 | _acollege students | ||
| 526 | _c1210L-1700L | ||
| 541 | _j1 | ||
| 562 | _e1 | ||
| 942 |
_2lcc _cBK _kFIL |
||
| 999 |
_c19149 _d19149 |
||